| 000 | 01434cam a22002413a 4500 | ||
|---|---|---|---|
| 001 | 24895 | ||
| 003 | PGUSA | ||
| 005 | 20140828083533.0 | ||
| 008 | 080322s2008||||xxu|||||s|||||000 1 eng d | ||
| 040 |
_aPGUSA _beng |
||
| 042 | _adc | ||
| 050 | 4 | _aPR | |
| 100 | 1 |
_aBecke, Louis, _d1855-1913 |
|
| 245 | 1 | 4 |
_aThe Call Of The South : _b1908 _h[electronic resource] / _cLouis Becke |
| 260 |
_bProject Gutenberg, _c2008 |
||
| 505 | 0 | _aPaul the diver -- The old sea life -- The blind man of Admiralty Island -- Nisân Island: a tale of the old trading days -- Mutinies -- "Mâni" -- At night -- The cranks of the Julia brig -- "Dandy", the ship's Dingo -- Kala-Hoi, the netmaker -- The kanaka labour trade in the Pacific -- My friends, the Anthropophagi -- On the "joys" of recruiting "blackbirds" -- Making a fortune in the South Seas -- The story of Tokolmé -- "Lano-Tô" -- "Ombre Chevalier" -- A recluse of the bush -- Te-Bari, the outlaw -- "The dandiest boy that ever stood up in a boat" -- The pit of Maotâ -- Vanâki, the strong swimmer -- Two Pacific Islands birds -- A night run across Fâgaloa Bay -- A bit of good luck -- Modern pirates -- Pautôe -- The man who knew everything -- The pattering of the mullet. | |
| 506 | _aPublic domain in the USA. | ||
| 516 | _aElectronic text | ||
| 653 | _aOceania -- Fiction | ||
| 830 | 0 |
_aProject Gutenberg _v24895 |
|
| 856 | 4 | 0 | _uhttp://www.gutenberg.org/ebooks/24895 |
| 942 | _cEB | ||
| 999 |
_c254150 _d254150 |
||